| 000 | 01296cad a22002055a 4500 | ||
|---|---|---|---|
| 001 | L140410 | ||
| 008 | 070920s2007 xxkbd f s 000 0 eng d | ||
| 035 | _a(Sirsi) u140410 | ||
| 041 | 0 | _aeng | |
| 050 | 0 | 4 | _a332.6324 $2 18 |
| 110 | 2 |
_aSavills Research _95211 |
|
| 245 | 0 | 4 |
_aThe buy to let market in the south east _h[electronic resource] |
| 260 |
_aGuildford _bSouth East England Regional Assembly _c2007 |
||
| 520 | _aAims to further understanding of the buy to let market?s dynamics in the south east region. Identifies local authorities in the region holding a large amount of private rented stock. Examines the reasons for these pockets of demand. Provides an overview of the development of the buy to let. Concludes that affordability pressures for first time buyers are unlikely to ease in the mid to long term; that buy to let plays a key role in housing migrants; and that competition in the market is raising the standard of rented housing. Real Estate Investment Trusts may compound this trend. | ||
| 590 | _aKA | ||
| 651 | 4 | _aSouth East (England) | |
| 690 | _aPROPERTY-RESIDENTIAL PROPERTY-RESIDENTIAL PROPERTY MARKET | ||
| 856 | 4 | 0 |
_uhttps://www.southeast-ra.gov.uk/our_work/planning/housing/index.html _zView the item free of charge at www.southeast-ra.gov.uk... |
| 942 | _n0 | ||
| 999 |
_c107497 _d107497 |
||